| 000 | 00534nam a2200205Ia 4500 | ||
|---|---|---|---|
| 003 | OSt | ||
| 005 | 20241015142629.0 | ||
| 008 | 210210b2015 xxu||||| |||| 00| 0 eng d | ||
| 020 | _a9788130928197 | ||
| 040 | _cAL | ||
| 041 | _aeng | ||
| 082 | _a157.3 BALS | ||
| 100 |
_aBALFOUR (Susan) _9182368 |
||
| 245 | _aStress Control: stress busting strategies for the 21st century | ||
| 260 |
_aNew Delhi _bViva Books Private Limited _c2015 |
||
| 300 | _axv,263 | ||
| 690 |
_aPsychology _9182369 |
||
| 906 | _a070097 | ||
| 942 |
_2ddc _cBK |
||
| 999 |
_c119563 _d119563 |
||